000 00340nam a22001577a 4500
020 _a0-07-463962-5
041 _aENG
100 _aWhitten.J.L
245 _aSystems Analysis and Design Methods
250 _a4th
260 _aDelhi
_bTata McGraw Hill Publ
_c2000
300 _a724
650 _aGAE
700 _aBentley.L.D
856 _uGAE
999 _c569
_d569